| 000 | 00510nam a2200157 i 4500 | ||
|---|---|---|---|
| 001 | 150220 | ||
| 003 | ES-MaACL | ||
| 005 | 20230906203427.0 | ||
| 007 | t| | ||
| 008 | 071029s1902 ec ||||1| spa d | ||
| 100 | 1 |
_aVacas Galindo, Enrique. _9112363 |
|
| 245 | 1 | 0 |
_aColección de documentos sobre límites ecuatoriano-peruanos / _cpor Enrique Vacas Galindo. |
| 260 |
_aQuito (Ecuador) : _b[s.n.], _c1902 ( _fTip. de la Escuela de Artes y Oficios) |
||
| 300 |
_a2 v. ; _c28 cm. |
||
| 852 |
_aES-MaACL _jG-6548-9 |
||
| 999 |
_c150220 _d150220 |
||